[Event "DEM U14 2015"]
[Site "Willingen GER"]
[Date "2015.05.26"]
[Round "4"]
[White "Rieß, Alexander"]
[Black "Wong, Gengchun"]
[Result "1-0"]
[Termination "normal"]
[Board "1"]
[WhiteElo "2150"]
[BlackElo "2015"]
[WhiteClock "00:23:29"]
[BlackClock "00:08:29"]
[PlyCount "67"]
[WhiteFideId "12953326"]
[BlackFideId "12963283"]
[EventCountry "GER"]
[EventRounds "9"]
[EventType "swiss"]
[EventDate "2015.05.23"]

1. d4 Nf6 2. c4 g6 3. Nc3 d5 4. Nf3 Bg7 5. Qb3 dxc4 6. Qxc4 O-O 7. e4 Na6 8.
Be2 c5 9. d5 e6 10. O-O exd5 11. exd5 Qb6 12. Rd1 Bf5 13. Be3 Rfe8 14. d6 Rad8
15. Ng5 Rd7 16. Na4 Qa5 17. Qb5 Qd8 18. Bc4 Qc8 19. Qb3 Rf8 20. Bxa6 bxa6 21.
Nxc5 Rdd8 22. Rac1 Qa8 23. Nxa6 h6 24. Nc7 Qb8 25. Nf3 Qxb3 26. axb3 Ne4 27.
Bxa7 Bxb2 28. Rc6 Bd7 29. Rb6 f5 30. Nd5 Rf7 31. Rb8 Rff8 32. Rb7 Rf7 33. Ne7+
Kg7 34. Bb6 1-0

[Event "DEM U14 2015"]
[Site "Willingen GER"]
[Date "2015.05.26"]
[Round "4"]
[White "Schmidek, Emil"]
[Black "Fieberg, Samuel"]
[Result "1/2-1/2"]
[Termination "normal"]
[Board "2"]
[WhiteElo "2163"]
[BlackElo "2168"]
[WhiteClock "00:03:30"]
[BlackClock "00:27:03"]
[PlyCount "129"]
[WhiteFideId "12908150"]
[BlackFideId "12901717"]
[EventCountry "GER"]
[EventRounds "9"]
[EventType "swiss"]
[EventDate "2015.05.23"]

1. e4 c5 2. Nf3 Nc6 3. d4 cxd4 4. Nxd4 Nf6 5. Nc3 e5 6. Ndb5 h6 7. Nd5 Nxd5 8.
exd5 a6 9. dxc6 axb5 10. cxd7+ Bxd7 11. Qd5 Qc7 12. Bd2 Bc5 13. Bd3 O-O 14. O-O
Rad8 15. Bc3 Rfe8 16. Rae1 Bd6 17. Bxb5 e4 18. Bxd7 Bxh2+ 19. Kh1 Rxd7 20. Qf5
g6 21. Qg4 Bf4 22. g3 Bd2 23. Rxe4 Qc6 24. f3 Rxe4 25. Qxe4 Qxe4 26. fxe4 Bxc3
27. bxc3 Rd2 28. Rb1 Rxc2 29. Rxb7 Rxc3 30. Kg2 Rc2+ 31. Kf3 Rxa2 32. Kf4 Rf2+
33. Kg4 Rf6 34. Ra7 Kg7 35. e5 Re6 36. Kf4 Rb6 37. Rc7 Kf8 38. Ra7 Rb1 39. Ke4
Re1+ 40. Kf4 Kg7 41. g4 g5+ 42. Kf5 Rf1+ 43. Ke4 h5 44. gxh5 Kh6 45. Ra8 Kxh5
46. Rf8 Kg4 47. Kd5 Kg3 48. Kd6 g4 49. Rh8 Rf5 50. Rh6 Kf4 51. Rh1 g3 52. Rf1+
Kg4 53. Rg1 Rf2 54. Ke7 Kh3 55. Rh1+ Rh2 56. Re1 g2 57. Rg1 Rh1 58. Rxg2 Kxg2
59. Kxf7 Rf1+ 60. Kg6 Kg3 61. e6 Kg4 62. e7 Re1 63. Kf7 Kg5 64. e8=Q Rxe8 65.
Kxe8 1/2-1/2

[Event "DEM U14 2015"]
[Site "Willingen GER"]
[Date "2015.05.26"]
[Round "4"]
[White "Hofmann, Rares"]
[Black "Stein, Robert"]
[Result "1/2-1/2"]
[Termination "normal"]
[Board "3"]
[WhiteElo "2003"]
[BlackElo "2010"]
[WhiteClock "00:02:38"]
[BlackClock "00:01:48"]
[PlyCount "73"]
[WhiteFideId "12976440"]
[BlackFideId "12921084"]
[EventCountry "GER"]
[EventRounds "9"]
[EventType "swiss"]
[EventDate "2015.05.23"]

1. g3 e5 2. Bg2 Nc6 3. d3 g6 4. Nc3 Bg7 5. f4 d6 6. Nf3 Nge7 7. O-O O-O 8. e4
f5 9. Be3 Nd4 10. Rb1 Nec6 11. Ne2 Be6 12. b3 Nxf3+ 13. Bxf3 Qd7 14. c3 Rae8
15. Qc2 d5 16. Rbd1 Kh8 17. Bg2 d4 18. cxd4 exd4 19. Bf2 Rd8 20. e5 Bd5 21. Rc1
Bxg2 22. Kxg2 g5 23. h3 Rg8 24. Kh2 gxf4 25. gxf4 Qd5 26. Ng3 Bxe5 27. fxe5
Nxe5 28. Bxd4 Qxd4 29. Nxf5 Qd5 30. Ne7 Nf3+ 31. Rxf3 Qxf3 32. Nxg8 Rxg8 33.
Qb2+ Rg7 34. Rg1 Qf4+ 35. Kh1 Qf3+ 36. Kh2 Qf4+ 37. Kh1 1/2-1/2

[Event "DEM U14 2015"]
[Site "Willingen GER"]
[Date "2015.05.26"]
[Round "4"]
[White "Holinka, Henning"]
[Black "Martin, Julian"]
[Result "0-1"]
[Termination "normal"]
[Board "4"]
[WhiteElo "1872"]
[BlackElo "2281"]
[WhiteClock "00:05:59"]
[BlackClock "00:58:10"]
[PlyCount "58"]
[WhiteFideId "12967084"]
[BlackFideId "12941000"]
[EventCountry "GER"]
[EventRounds "9"]
[EventType "swiss"]
[EventDate "2015.05.23"]

1. g3 Nf6 2. Bg2 e5 3. d3 g6 4. e4 Bg7 5. Nc3 O-O 6. f4 d6 7. Nf3 exf4 8. gxf4
Nc6 9. O-O Re8 10. Qe1 d5 11. e5 d4 12. Ne2 Ng4 13. h3 Nh6 14. Qf2 Nf5 15. Rd1
f6 16. exf6 Qxf6 17. Ng5 Be6 18. Ng3 Rad8 19. N3e4 Qe7 20. Nxe6 Qxe6 21. Kh2
Nb4 22. a3 Nd5 23. Re1 Nde3 24. Bh1 b6 25. b4 Rf8 26. c4 c6 27. Rb1 Bh6 28. Kg1
Qd7 29. Bb2 Qc7 0-1

[Event "DEM U14 2015"]
[Site "Willingen GER"]
[Date "2015.05.26"]
[Round "4"]
[White "Baltic, Fatih"]
[Black "Buckels, Valentin"]
[Result "0-1"]
[Termination "normal"]
[Board "5"]
[WhiteElo "1887"]
[BlackElo "2178"]
[WhiteClock "00:20:38"]
[BlackClock "01:18:23"]
[PlyCount "170"]
[WhiteFideId "12979090"]
[BlackFideId "12942766"]
[EventCountry "GER"]
[EventRounds "9"]
[EventType "swiss"]
[EventDate "2015.05.23"]

1. e4 e5 2. Nf3 Nc6 3. Bc4 Bc5 4. c3 Nf6 5. d3 a6 6. Bb3 Ba7 7. Nbd2 d6 8. O-O
O-O 9. h3 h6 10. Re1 Nh5 11. Nf1 Qf6 12. Be3 Nf4 13. Ng3 g6 14. d4 Re8 15. Bc2
Kh7 16. Bxf4 Qxf4 17. Qd3 exd4 18. Ne2 Qf6 19. Nexd4 Ne5 20. Nxe5 dxe5 21. Qf3
Qe7 22. Nb3 Be6 23. Rad1 Kg7 24. Nc1 c5 25. Ne2 Rad8 26. b3 b5 27. Ng3 Qg5 28.
Nf1 Qf4 29. Qxf4 exf4 30. Nd2 Bb6 31. e5 Ba5 32. Ne4 Bf5 33. Rxd8 Rxd8 34. Rc1
Rd5 35. Nf6 Rxe5 36. Bxf5 Rxf5 37. Ne4 Re5 38. Nd2 Re2 39. Rc2 Bxc3 40. Rxc3
Rxd2 41. a4 Rd5 42. axb5 axb5 43. Kf1 Re5 44. Rd3 Re6 45. Rc3 Rc6 46. Ke2 Kf6
47. Rd3 Ke6 48. Rc3 Ke5 49. Kd3 g5 50. Rc1 Kd5 51. Rd1 Ke5 52. Re1+ Kf6 53. Rc1
Rd6+ 54. Kc3 Rd4 55. Re1 b4+ 56. Kc2 Rd5 57. Re2 Kf5 58. f3 Kf6 59. Kb2 Re5 60.
Rc2 Ke6 61. Rd2 Re3 62. Rc2 Kd5 63. Rd2+ Ke6 64. Rc2 Re5 65. Rf2 h5 66. Kc2 Re3
67. Rd2 f5 68. Rf2 Ke5 69. h4 gxh4 70. Kb2 Rc3 71. Re2+ Kf6 72. Rf2 Kg5 73. Rf1
h3 74. gxh3 Kh4 75. Ka2 Kxh3 76. Rh1+ Kg2 77. Rxh5 Kxf3 78. Rxf5 Kg3 79. Rf8 f3
80. Rg8+ Kh2 81. Rf8 Kg2 82. Rg8+ Kf1 83. Rf8 f2 84. Kb2 Kg2 85. Rg8+ Rg3 0-1

[Event "DEM U14 2015"]
[Site "Willingen GER"]
[Date "2015.05.26"]
[Round "4"]
[White "Zienert, Richard"]
[Black "Wierzbicki, Jirawat"]
[Result "1-0"]
[Termination "normal"]
[Board "7"]
[WhiteElo "2085"]
[BlackElo "1972"]
[WhiteClock "00:18:57"]
[BlackClock "00:21:41"]
[PlyCount "91"]
[WhiteFideId "12945986"]
[BlackFideId "1153579"]
[EventCountry "GER"]
[EventRounds "9"]
[EventType "swiss"]
[EventDate "2015.05.23"]

1. e4 e5 2. Nf3 Nc6 3. Bb5 a6 4. Bxc6 dxc6 5. O-O Bg4 6. h3 Bh5 7. g4 Bg6 8.
Nxe5 Qh4 9. Qf3 f6 10. Nxg6 hxg6 11. Kg2 Bd6 12. d3 Ne7 13. Nd2 g5 14. Nc4 Ng6
15. Nxd6+ cxd6 16. Qg3 Qh7 17. f4 gxf4 18. Bxf4 O-O-O 19. c4 Ne5 20. Rac1 c5
21. b4 b6 22. bxc5 dxc5 23. Bxe5 fxe5 24. Rf5 Qh6 25. Rd1 Rde8 26. Rdf1 Qd2+
27. R1f2 Qc3 28. g5 Rd8 29. Qxe5 Qxe5 30. Rxe5 Rxd3 31. Rf7 Rdxh3 32. Re6 Rc3
33. Rc6+ Kd8 34. Rxb6 Kc8 35. Rxa6 Kb8 36. Rb6+ Ka8 37. Rf3 Rc2+ 38. Kg3 Rxa2
39. Rb5 Re8 40. Re3 Rc8 41. e5 Ra6 42. e6 Re8 43. Reb3 Ra4 44. Rb8+ Rxb8 45.
Rxb8+ Kxb8 46. e7 1-0

[Event "DEM U14 2015"]
[Site "Willingen GER"]
[Date "2015.05.26"]
[Round "4"]
[White "Ewert, Hannes"]
[Black "Vuckovic, Zarko"]
[Result "1-0"]
[Termination "normal"]
[Board "9"]
[WhiteElo "1930"]
[BlackElo "1790"]
[WhiteClock "00:22:09"]
[BlackClock "00:27:43"]
[PlyCount "65"]
[WhiteFideId "12961574"]
[BlackFideId "12952087"]
[EventCountry "GER"]
[EventRounds "9"]
[EventType "swiss"]
[EventDate "2015.05.23"]

1. e4 c5 2. Nf3 Nc6 3. d4 cxd4 4. Nxd4 Nf6 5. Nc3 e6 6. Ndb5 Bb4 7. a3 Bxc3+ 8.
Nxc3 d5 9. exd5 Nxd5 10. Nxd5 exd5 11. Be2 O-O 12. O-O Re8 13. Bf3 Be6 14. Be3
Qf6 15. c3 Rad8 16. Qa4 Bf5 17. Rad1 Qg6 18. Rxd5 Ne5 19. Qf4 Nxf3+ 20. Qxf3
Rxd5 21. Qxd5 h6 22. Qf3 Be4 23. Qg3 Qc6 24. Bd4 Bg6 25. h3 a6 26. a4 Qxa4 27.
f4 Qc2 28. f5 Re2 29. fxg6 fxg6 30. Qf3 Kh7 31. Bxg7 Qxb2 32. Bd4 h5 33. Qf7+
1-0

[Event "DEM U14 2015"]
[Site "Willingen GER"]
[Date "2015.05.26"]
[Round "4"]
[White "Engel, Luis"]
[Black "Toptschiev, David"]
[Result "1-0"]
[Termination "normal"]
[Board "10"]
[WhiteElo "2212"]
[BlackElo "1873"]
[WhiteClock "00:31:42"]
[BlackClock "00:17:13"]
[PlyCount "101"]
[WhiteFideId "12961523"]
[BlackFideId "12968005"]
[EventCountry "GER"]
[EventRounds "9"]
[EventType "swiss"]
[EventDate "2015.05.23"]

1. e4 c5 2. Nf3 Nc6 3. d4 cxd4 4. Nxd4 g6 5. c4 Nf6 6. Nc3 Nxd4 7. Qxd4 d6 8.
Be2 Bg7 9. Be3 O-O 10. Qd2 Be6 11. Rc1 a5 12. f3 a4 13. O-O Qa5 14. Nd5 Bxd5
15. Qxa5 Rxa5 16. cxd5 Ne8 17. Rc2 f5 18. Bd3 fxe4 19. fxe4 Rxf1+ 20. Kxf1 Ra8
21. h3 Kf7 22. g4 Be5 23. g5 Ng7 24. Be2 Nh5 25. Kg1 Ng3 26. Bd3 Nh5 27. Bc1
Bd4+ 28. Kg2 Be5 29. h4 Ke8 30. Bb5+ Kd8 31. Be3 e6 32. Bb6+ Ke7 33. Rc7+ Kf8
34. dxe6 Nf4+ 35. Kf3 Nxe6 36. Rxh7 Bxb2 37. Bc4 Nd4+ 38. Ke3 Nc2+ 39. Kd2 Na3
40. Bd3 Bg7 41. Bc7 d5 42. exd5 Kg8 43. Rxg7+ Kxg7 44. d6 Kf7 45. d7 Ke7 46.
d8=Q+ Rxd8 47. Bxd8+ Kxd8 48. Kc3 b5 49. Kb4 Nc4 50. Bxc4 bxc4 51. Kxa4 1-0

[Event "DEM U14 2015"]
[Site "Willingen GER"]
[Date "2015.05.26"]
[Round "4"]
[White "Browning, Alex"]
[Black "Poghosyan, Tigran"]
[Result "1-0"]
[Termination "normal"]
[Board "11"]
[WhiteElo "1864"]
[BlackElo "2136"]
[PlyCount "71"]
[WhiteFideId "12984019"]
[BlackFideId "12909319"]
[EventCountry "GER"]
[EventRounds "9"]
[EventType "swiss"]
[EventDate "2015.05.23"]

1. e4 c5 2. Nf3 d6 3. d4 cxd4 4. Nxd4 Nf6 5. Nc3 a6 6. Bg5 Nbd7 7. f4 Qc7 8.
Qe2 e6 9. O-O-O Be7 10. g4 h6 11. Bxf6 gxf6 12. f5 Ne5 13. Bh3 Nc6 14. fxe6
fxe6 15. Qc4 Qd7 16. Rhf1 Nxd4 17. Qxd4 Qc7 18. Kb1 b5 19. e5 fxe5 20. Qe4 Rb8
21. Qg6+ Kd8 22. Rf7 Re8 23. Ne4 Bd7 24. g5 Qc4 25. gxh6 Kc7 26. Rxe7 Rxe7 27.
Nxd6 Qe2 28. Bg4 Qxh2 29. Bf3 Bc6 30. Bxc6 Kxc6 31. Qe4+ Kc7 32. Qe3 Rb6 33.
Qc5+ Rc6 34. Qa7+ Kd8 35. Nf5+ Kc8 36. Nxe7# 1-0

[Event "DEM U14 2015"]
[Site "Willingen GER"]
[Date "2015.05.26"]
[Round "4"]
[White "Schumacher, Ole"]
[Black "Mätzkow, Maximilian Paul"]
[Result "0-1"]
[Termination "normal"]
[Board "12"]
[WhiteElo "1414"]
[BlackElo "2050"]
[PlyCount "138"]
[WhiteFideId "12971898"]
[BlackFideId "24679933"]
[EventCountry "GER"]
[EventRounds "9"]
[EventType "swiss"]
[EventDate "2015.05.23"]

1. e4 c5 2. Nf3 d6 3. d4 cxd4 4. Nxd4 Nf6 5. Nc3 g6 6. Be3 Bg7 7. f3 a6 8. Bc4
Nbd7 9. Bb3 b5 10. Qd2 h5 11. O-O-O Ne5 12. Nd5 Bb7 13. Nxf6+ Bxf6 14. Bg5 Bg7
15. Bd5 Qb6 16. Rhe1 Nc4 17. Qd3 Rc8 18. Be3 Nxe3 19. Qxe3 e5 20. Nf5 Qxe3+ 21.
Nxe3 Bxd5 22. Nxd5 f6 23. Rd3 a5 24. Nc3 b4 25. Nb5 Rc6 26. Nxd6+ Ke7 27. Red1
Rb8 28. b3 a4 29. Nc4 axb3 30. axb3 Bh6+ 31. Kb2 Ra6 32. Ra1 Rxa1 33. Kxa1 Ra8+
34. Kb2 h4 35. Rd6 Be3 36. Rd5 Bd4+ 37. Kc1 Ra1+ 38. Kd2 Rg1 39. Ne3 Bxe3+ 40.
Kxe3 Rxg2 41. Rd2 Rg1 42. Kd3 h3 43. Ke3 Ke6 44. Kf2 Rg2+ 45. Ke3 f5 46. Rxg2
hxg2 47. Kf2 fxe4 48. fxe4 Kd6 49. Kxg2 Kc5 50. Kf3 Kd4 51. c4 bxc3 52. Ke2
Kxe4 53. b4 Kd4 54. b5 Kc5 55. b6 Kxb6 56. Kd3 Kc5 57. Kxc3 g5 58. h3 e4 59.
Kd2 Kd4 60. Ke2 Ke5 61. Ke3 Kf5 62. Ke2 Kf4 63. Kf2 e3+ 64. Kg2 e2 65. Kf2
e1=Q+ 66. Kxe1 Kg3 67. Kf1 Kxh3 68. Kg1 g4 69. Kh1 g3 0-1

[Event "DEM U14 2015"]
[Site "Willingen GER"]
[Date "2015.05.26"]
[Round "4"]
[White "Weber, Samuel"]
[Black "Pommerenke, Kayonzo"]
[Result "1-0"]
[Termination "normal"]
[Board "15"]
[WhiteElo "1954"]
[BlackElo "1601"]
[PlyCount "53"]
[WhiteFideId "12924008"]
[BlackFideId "12968129"]
[EventCountry "GER"]
[EventRounds "9"]
[EventType "swiss"]
[EventDate "2015.05.23"]

1. e4 e5 2. d4 exd4 3. Nf3 Bc5 4. Bc4 Qe7 5. O-O d6 6. c3 dxc3 7. Nxc3 Nf6 8.
Bg5 O-O 9. Re1 c6 10. e5 dxe5 11. Nxe5 Qd6 12. Qc2 Nbd7 13. Nxd7 Bxd7 14. Rad1
Qc7 15. Bxf6 gxf6 16. Ne4 Bxf2+ 17. Qxf2 Be6 18. Nxf6+ Kg7 19. Nh5+ Kg6 20.
Qf6+ Kxh5 21. Re5+ Qxe5 22. Qxe5+ Kg6 23. Bxe6 fxe6 24. Qxe6+ Kg7 25. Rd7+ Kh8
26. Qe5+ Kg8 27. Qg7# 1-0

[Event "DEM U14 2015"]
[Site "Willingen GER"]
[Date "2015.05.26"]
[Round "4"]
[White "Renger, Niklas"]
[Black "Oganessjan, Artur"]
[Result "1-0"]
[Termination "normal"]
[Board "16"]
[WhiteElo "1942"]
[BlackElo "1857"]
[PlyCount "67"]
[WhiteFideId "12908096"]
[BlackFideId "12986062"]
[EventCountry "GER"]
[EventRounds "9"]
[EventType "swiss"]
[EventDate "2015.05.23"]

1. e4 d5 2. exd5 Nf6 3. Bb5+ Bd7 4. Bc4 Bg4 5. f3 Bf5 6. Nc3 Nbd7 7. Nge2 Nb6
8. Bb3 Nfxd5 9. O-O Qd7 10. a4 a5 11. d4 e6 12. Nxd5 Nxd5 13. Nf4 c6 14. Nxd5
cxd5 15. Bf4 Bd6 16. Bxd6 Qxd6 17. Qe2 O-O 18. c3 Qb6 19. Ba2 Rad8 20. h4 h5
21. Rae1 Rfe8 22. Qf2 Bd3 23. Bb1 Bxf1 24. Kxf1 g6 25. Qd2 e5 26. dxe5 d4 27.
Ba2 dxc3 28. Qh6 Qa6+ 29. Kg1 Qd3 30. e6 fxe6 31. Rxe6 Qd4+ 32. Re3+ Rd5 33.
Bxd5+ Qxd5 34. Rxe8+ 1-0

[Event "DEM U14 2015"]
[Site "Willingen GER"]
[Date "2015.05.26"]
[Round "4"]
[White "Hoffmann, Lennard"]
[Black "Piskaykin, Bogdan"]
[Result "1/2-1/2"]
[Termination "normal"]
[Board "18"]
[WhiteElo "1815"]
[BlackElo "1771"]
[PlyCount "100"]
[WhiteFideId "12943495"]
[BlackFideId "12941212"]
[EventCountry "GER"]
[EventRounds "9"]
[EventType "swiss"]
[EventDate "2015.05.23"]

1. e4 c5 2. Nf3 d6 3. d4 cxd4 4. Nxd4 Nf6 5. Nc3 a6 6. h3 e6 7. g4 b5 8. Bg2
Bb7 9. a3 Qc7 10. O-O Be7 11. Be3 Nc6 12. Nde2 Ne5 13. Ng3 Nc4 14. Qe2 Nd7 15.
Nd1 Bf6 16. g5 Be7 17. f4 O-O 18. b3 Nxe3 19. Nxe3 Rfe8 20. Kh1 Qc3 21. h4 Rac8
22. Rad1 Bf8 23. h5 g6 24. h6 Qa5 25. Kh2 Qxa3 26. Bh3 Rc3 27. Qf2 Qc5 28. Rde1
d5 29. f5 exf5 30. exf5 Ne5 31. fxg6 hxg6 32. Qf4 Kh7 33. Ng2 Qc7 34. Rxe5 Rxe5
35. Qxf7+ Qxf7 36. Rxf7+ Kg8 37. Rxb7 Bd6 38. Rb6 Bc7 39. Rxg6+ Kh8 40. Rg7 Re8
41. Rxc7 Rxc7 42. Bf5 Re5 43. Nh4 Kg8 44. h7+ Rxh7 45. Bxh7+ Kxh7 46. g6+ Kg8
47. Kh3 a5 48. Nf3 Re3 49. Nd4 a4 50. Nxb5 axb3 1/2-1/2

[Event "DEM U14 2015"]
[Site "Willingen GER"]
[Date "2015.05.26"]
[Round "4"]
[White "Schirra, Maurice"]
[Black "Schäfer, Nicolas"]
[Result "1/2-1/2"]
[Termination "normal"]
[Board "19"]
[WhiteElo "1791"]
[BlackElo "1595"]
[PlyCount "92"]
[WhiteFideId "12941115"]
[BlackFideId "12988901"]
[EventCountry "GER"]
[EventRounds "9"]
[EventType "swiss"]
[EventDate "2015.05.23"]

1. e4 c5 2. Nc3 Nc6 3. Bb5 Nd4 4. Bc4 g6 5. Nf3 Bg7 6. Nxd4 cxd4 7. Qf3 e6 8.
Nb5 Be5 9. Qa3 Qe7 10. O-O Qxa3 11. Nxa3 a6 12. f4 Bg7 13. e5 Ne7 14. d3 b5 15.
Bxb5 axb5 16. Nxb5 O-O 17. Nxd4 d6 18. Nf3 dxe5 19. Nxe5 Nd5 20. Bd2 g5 21. d4
Ba6 22. Rf3 f6 23. Nd7 Rfd8 24. Nc5 Re8 25. c3 g4 26. Rf2 e5 27. Re1 Bb5 28. b3
Nc7 29. a4 Bc6 30. fxe5 fxe5 31. dxe5 Rxe5 32. Rxe5 Bxe5 33. Rf5 Bd6 34. c4 Rd8
35. Be3 Re8 36. Kf2 Rf8 37. Rxf8+ Kxf8 38. g3 Kf7 39. a5 Ba8 40. b4 Bxc5 41.
Bxc5 Na6 42. Bd6 Ke6 43. Bf8 Kf7 44. Bd6 Ke6 45. Bf8 Kf7 46. Bd6 Ke6 1/2-1/2

[Event "DEM U14 2015"]
[Site "Willingen GER"]
[Date "2015.05.26"]
[Round "4"]
[White "Hinrichs, Niklas"]
[Black "Gungl, Theo"]
[Result "0-1"]
[Termination "normal"]
[Board "20"]
[WhiteElo "1818"]
[BlackElo "2085"]
[PlyCount "86"]
[WhiteFideId "12942499"]
[BlackFideId "24695653"]
[EventCountry "GER"]
[EventRounds "9"]
[EventType "swiss"]
[EventDate "2015.05.23"]

1. d4 Nf6 2. c4 g6 3. Nc3 d5 4. cxd5 Nxd5 5. Bd2 Nb6 6. e4 Bg7 7. Be3 O-O 8. h3
Nc6 9. Nf3 e6 10. Be2 h6 11. O-O Kh7 12. Qd2 Qe7 13. Rfd1 Rd8 14. Qc2 a6 15. a3
Bd7 16. Rac1 Be8 17. b4 Rac8 18. Qb3 f5 19. Bc4 Nxc4 20. Qxc4 Bf7 21. Qe2 Rd7
22. e5 g5 23. Qc4 Rcd8 24. g3 Bh5 25. Kg2 Bxf3+ 26. Kxf3 Bxe5 27. Ne2 Bxd4 28.
Bxd4 Rxd4 29. Nxd4 Ne5+ 30. Kg2 Nxc4 31. Rxc4 Rd6 32. Rdc1 c6 33. Nb3 Kg6 34.
Nc5 e5 35. Re1 Rd5 36. Rc2 a5 37. Rce2 axb4 38. axb4 b6 39. Nd3 Rxd3 40. Rxe5
Qd7 41. Re6+ Kf7 42. Rxh6 Qd5+ 43. Kh2 Rd1 0-1

[Event "DEM U14 2015"]
[Site "Willingen GER"]
[Date "2015.05.26"]
[Round "4"]
[White "Riedel, Erich"]
[Black "Silber, Kevin"]
[Result "0-1"]
[Termination "normal"]
[Board "21"]
[WhiteElo "1783"]
[BlackElo "1841"]
[PlyCount "78"]
[WhiteFideId "12958646"]
[BlackFideId "12930440"]
[EventCountry "GER"]
[EventRounds "9"]
[EventType "swiss"]
[EventDate "2015.05.23"]

1. e4 e5 2. Nf3 Nc6 3. d4 exd4 4. Nxd4 Nf6 5. Nxc6 bxc6 6. e5 Qe7 7. Qe2 Nd5 8.
c4 Ba6 9. b3 Qh4 10. Bb2 Bb4+ 11. Nd2 Nc3 12. Bxc3 Bxc3 13. O-O-O Qe7 14. Nf3
O-O 15. Kc2 Ba5 16. Qe4 Rfe8 17. Qd4 Qa3 18. Qb2 Qxb2+ 19. Kxb2 Rad8 20. c5
Bxf1 21. Rhxf1 Bb4 22. Rc1 d6 23. cxd6 cxd6 24. Rxc6 dxe5 25. a3 Ba5 26. Rc5
Bb6 27. Rxe5 Rxe5 28. Nxe5 Bd4+ 29. Kc2 Bxe5 30. b4 f6 31. a4 Rd4 32. Rb1 Kf7
33. a5 Rf4 34. f3 Rc4+ 35. Kd3 Rc3+ 36. Kd2 Ra3 37. h3 Ke6 38. Kc2 Kf5 39. Rd1
Rc3+ 0-1

[Event "DEM U14 2015"]
[Site "Willingen GER"]
[Date "2015.05.26"]
[Round "4"]
[White "Wiesner, Alexander"]
[Black "Viol, Julius"]
[Result "1-0"]
[Termination "normal"]
[Board "22"]
[WhiteElo "1854"]
[BlackElo "1558"]
[PlyCount "39"]
[WhiteFideId "12943991"]
[BlackFideId "12958492"]
[EventCountry "GER"]
[EventRounds "9"]
[EventType "swiss"]
[EventDate "2015.05.23"]

1. d4 d5 2. c4 Nc6 3. Nc3 dxc4 4. Nf3 Bg4 5. d5 Bxf3 6. exf3 Ne5 7. Bf4 Ng6 8.
Bg3 a6 9. Bxc4 Nf6 10. Qa4+ Nd7 11. O-O b5 12. Nxb5 axb5 13. Qxb5 Rb8 14. Qa4
f5 15. f4 Rxb2 16. Bd3 Rd2 17. Rfd1 Rxd1+ 18. Rxd1 Kf7 19. Bxf5 Nb6 20. Be6+
1-0

[Event "DEM U14 2015"]
[Site "Willingen GER"]
[Date "2015.05.26"]
[Round "4"]
[White "Ortmeier, Leonard"]
[Black "Wolf, Philipp"]
[Result "1/2-1/2"]
[Termination "normal"]
[Board "23"]
[WhiteElo "1737"]
[BlackElo "1573"]
[PlyCount "57"]
[WhiteFideId "12993662"]
[BlackFideId "12958948"]
[EventCountry "GER"]
[EventRounds "9"]
[EventType "swiss"]
[EventDate "2015.05.23"]

1. e4 e5 2. Nf3 Nc6 3. Bc4 Bc5 4. c3 Nf6 5. d4 exd4 6. e5 d5 7. Bb5 Ne4 8. cxd4
Bb4+ 9. Bd2 Bxd2+ 10. Nbxd2 Bd7 11. Bd3 Bg4 12. Nxe4 dxe4 13. Bxe4 Bxf3 14.
Bxf3 Nxd4 15. O-O Nxf3+ 16. Qxf3 c6 17. Rfe1 O-O 18. Qb3 Qc7 19. e6 fxe6 20.
Qxe6+ Qf7 21. Rad1 Qxe6 22. Rxe6 Rad8 23. Rde1 Rd2 24. R6e2 Rfd8 25. f3 Rxe2
26. Rxe2 Kf7 27. Kf2 Kf6 28. h4 Rd4 29. g4 1/2-1/2